000 00946nam a2200217Ii 4500
003 JO-AjNU
008 230605s9999||||xx |||||||||||||| ||und||
017 _a1994/2/180
040 _aJO-AjNU
_bara
_erda
_cJO-AjNU
041 _aara
050 1 4 _aBP173.759.K4264 1994
100 3 _aالخياط، عبد العزيز عزت,
_eauthor
_945616
245 0 0 _aالشركات في الشريعة الإسلامية والقانون الوضعي، القسم الثاني
250 _aط4
264 3 1 _aبيروت: مؤسسة الرسالة للطباعة والنشر والتوزيع، 1994
300 _aالقفسم2، 343ص
_bيتضن ببلوغرافيا(ص257-302) ؛ ملحق باللغة الانجليزية(ص309-343)
336 _atext
_btxt
_2rdacontent
337 _aunmediated
_bn
_2rdamedia
338 _avolume
_bnc
_2rdacarrier
650 4 _aالشركات- الاقتصاد الاسلامي- الفقه الاسلامي
_945617
999 _aA19787
_c23355
_d23355